Ostal v "oku"

Bibliographic Details
Main Author: Podolský, Pavel (Author)
Format: Article
Language:Slovak
Subjects:

MARC

LEADER 00000nab a2200000 a 4500
001 vtls000281529
003 SK-MaSNL
005 20260302220727.0
008 111201c1987 xo 0 slo
015 |a SNBRB19rr/mm-uuuuu 
035 |a CL0291647 
040 |a SNKBUCL  |b slo  |c SNKBUCL  |e AACR2 
041 0 |a slo 
044 |a xo  |c SK 
080 |a 796.332.077  |2 1981 
080 |a 929 Pavlík, Rudolf  |2 1981 
100 1 |a Podolský, Pavel  |4 aut  |9 279478 
245 1 0 |a Ostal v "oku"  |c Pavel Podolský 
300 |b Obr. 2. 
600 1 7 |a Pavlík, Rudolf  |2 snkbucl  |9 656424 
655 7 |a články z novín a časopisov  |2 snkbucl  |9 267496 
773 0 |t Štart  |g Roč. 32, č. 15 (1987), s. 12-13 
850 |a Slovenská národná knižnica v Martine  |a MTA001 
852 |a SNK  |b KIS3GCP 
958 |a RK 
992 |a RBX 
999 |c 1508321  |d 1510251